000 00403pab a2200169 454500
008 180718b2010 xxu||||| |||| 00| 0 eng d
100 _aPaliwal, Dinesh Kumar
245 _aCo-relation between education and globalization
260 _c2010
300 _ap.1-3.
362 _a4 Jan
650 _aGlobalization
650 _aEducation
773 _aUniversity News
908 _aN
909 _a85517
999 _c85517
_d85517